| 000 | 00634nam a2200217Ia 4500 | ||
|---|---|---|---|
| 005 | 20241129111334.0 | ||
| 008 | 241129s9999||||xx |||||||||||||| ||und|| | ||
| 020 | _a978-1-5381-7789-1 | ||
| 037 | _aTB | ||
| 040 |
_aCRL _beng _cCRL |
||
| 041 |
_aeng _2eng |
||
| 084 |
_aV2y7J42 R3 _qCRL |
||
| 100 |
_aSharma Parvati Au. _9608363 |
||
| 245 | 0 |
_aLamp for the dark world: Akbar, India's greatest mughal _cSharma Parvati Au. |
|
| 260 |
_aLanham, Maryland _bLanham Rawman & littlefield _c2023 |
||
| 300 | _axix,376p. | ||
| 365 |
_aUKP _b28 |
||
| 650 | _a History | ||
| 942 |
_cTB _hV2y7J42 R3 |
||
| 999 |
_c1229993 _d1229993 |
||